| Tag |
First Indicator |
Second Indicator |
Subfields |
| LEADER |
00000nam a2200000Ia 4500 |
| 001 |
in00004330421 |
| 005 |
20200812091143.0 |
| 006 |
m g d |
| 007 |
cr bn |||a|bb| |
| 008 |
030701s1695 stk o 000 0 eng d |
| 035 |
|
|
|a (OCoLC)52529300
|
| 040 |
|
|
|a EAE
|c EAE
|e dcrb
|
| 037 |
|
|
|a CL0037000120
|b ProQuest Information and Learning. 300 N. Zeeb Rd., Ann Arbor, MI 48106
|
| 043 |
|
|
|a e-uk-st
|
| 090 |
|
|
|a KDC920.M8
|b S36 1695
|
| 049 |
|
|
|a UMIA
|
| 110 |
1 |
|
|a Scotland.
|b Privy Council.
|
| 245 |
1 |
0 |
|a Proclamation, :
|b for apprehending Patrick Grahame of Inchbraco, with promise of a reward.
|
| 260 |
|
|
|a Edinburgh :
|b Printed by the heirs and successors of Andrew Anderson, Printer to his most excellent Majesty,
|c Anno Dom. 1695.
|
| 300 |
|
|
|a 1 online resource (1 sheet ([1] pages)
|
| 336 |
|
|
|a text
|b txt
|2 rdacontent
|
| 337 |
|
|
|a computer
|b c
|2 rdamedia
|
| 338 |
|
|
|a online resource
|b cr
|2 rdacarrier
|
| 500 |
|
|
|a Caption title.
|
| 500 |
|
|
|a Initial letter.
|
| 500 |
|
|
|a Intentional blank spaces in text.
|
| 500 |
|
|
|a Dated: Given under Our Signet at Edinburgh, the fourth day of June, and of Our Reign the seventh year, 1695.
|
| 500 |
|
|
|a Signed: Gilb. Eliot. Cls. Sti. Concilii.
|
| 500 |
|
|
|a Reproduction of the original in the National Library of Scotland.
|
| 510 |
4 |
|
|a Wing (2nd edition)
|c S1835
|
| 533 |
|
|
|a Electronic reproduction.
|b Ann Arbor, Mich. :
|c UMI,
|d 1999-
|f (Early English books online)
|n Digital version of: (Early English Books, 1641-1700 ; 2776:57)
|7 s1999 miun s
|
| 600 |
1 |
0 |
|a Graham, Patrick,
|c of Inchbrakie.
|
| 650 |
|
0 |
|a Murderers
|z Scotland
|v Early works to 1800.
|
| 650 |
|
0 |
|a Arrest
|z Scotland
|v Early works to 1800.
|
| 655 |
|
7 |
|a Broadsides
|z Scotland
|y 17th century.
|2 rbgenr
|
| 710 |
1 |
|
|a Scotland.
|b Sovereign (1694-1702 : William II)
|
| 830 |
|
0 |
|a Early English books online.
|
| 856 |
4 |
0 |
|u http://proxy.library.tamu.edu/login?url=https://search.proquest.com/docview/2240900147
|z Connect to the full text of this electronic book
|t 0
|
| 999 |
f |
f |
|s b6df8ebb-65cb-3ab6-839c-34de45658f9f
|i f1708ec1-6619-3e2d-8b6a-008bc091cd7d
|t 0
|
| 952 |
f |
f |
|a Texas A&M University
|b College Station
|c Electronic Resources
|d Available Online
|t 0
|e KDC920.M8 S36 1695
|h Library of Congress classification
|
| 998 |
f |
f |
|a KDC920.M8 S36 1695
|t 0
|l Available Online
|